00373cam a22001332 4500001001100000005001700011008004100028040001500069050002200084100003300106245005700139260003300196300001000229000000279720151217155818.0070419s xx 000 0 eng d aKABUcKABU 0aPR9402.9b.T33F731 aTaban Lo Liyong.@000015230810aFrantz Fanon's uneven ribs with poems more and more. aNairobi :bHeinemann,c1971. a48 p.